00688nam a2200193 a 450000100100000000500170001000800410002704000250006808200160009310000320010924500500014126000360019130000210022750400730024850400330032104900090035495201140036399900170047700002429620200930022903.0110126s1978 dr 000 0 spa d aDO-SdBNPbspacBNPHU axxxxbM385p1 aMartínez, Héctor94986813aLa prensa clandestina /cHéctor Martínez. aSanto Domingo :b[s.n.],c1978. a219 p. ;c21 cm. aIncluye referencias bibliográficas y notas al pie de las páginas aBibliografías : p. 205-219 aBNPD 0010718PDaPDbPDcCTd2011-01-26iLF1l0oxxxx M385pp24296-10r2020-06-25w2020-06-25yLFPDZNo se presta c23789d23789